| 000 | 00687cam a22002413a 4500 | ||
|---|---|---|---|
| 001 | 32985 | ||
| 003 | PGUSA | ||
| 005 | 20140828083720.0 | ||
| 008 | 100627s2010||||xxu|||||s|||||000 1 eng d | ||
| 040 |
_aPGUSA _beng |
||
| 042 | _adc | ||
| 050 | 4 | _aPS | |
| 100 | 1 |
_aOttolengui, Rodrigues, _d-1937 |
|
| 245 | 1 | 2 |
_aA Modern Wizard _h[electronic resource] / _cRodrigues Ottolengui |
| 260 |
_bProject Gutenberg, _c2010 |
||
| 506 | _aPublic domain in the USA. | ||
| 516 | _aElectronic text | ||
| 653 | _aDetective and mystery stories, American | ||
| 653 | _aHypnotism -- Fiction | ||
| 830 | 0 |
_aProject Gutenberg _v32985 |
|
| 856 | 4 | 0 | _uhttp://www.gutenberg.org/ebooks/32985 |
| 942 | _cEB | ||
| 999 |
_c262240 _d262240 |
||